Statystyki dla Odmiana czasowników nieregularnych present simple j. angielski

Kliknij tutaj aby rozwiązać quiz!

Ogólne statystyki

  • Ten quiz został rozwiązany 355 razy
  • Średni wynik to 27 z 32

Statystyki odpowiedzi

CzasownikPast simple% Poprawnych
bewas/were
97%
becomebecame
95%
beatbeat
93%
breakbroke
93%
beginbegan
92%
bitebit
91%
buybought
91%
comecame
90%
eatate
89%
cutcut
89%
drinkdrank
89%
getgot
88%
forgetforgot
87%
givegave
87%
costcost
86%
dodid
85%
blowblew
84%
drawdrew
84%
drivedrove
83%
buildbuilt
82%
findfound
82%
burnburnt/burned
80%
choosechose
80%
feelfelt
80%
flyflew
78%
dreamdreamt/dreamed
76%
fallfell
76%
forgiveforgave
75%
fightfought
72%
cancould
70%
bringbrought
61%
catchcaught
61%

Rozkład punktacji

Percentyl według liczby udzielonych odpowiedzi

Procent ludzi z każdym wynikiem

Twoja historia wyników

Nie rozwiązałeś tego quizu